Представление документа в формате RUSMARC

ПолеНазваниеЗначение
  Тип записи a
  Библиографический уровень m
001 Контрольный номер RU/SLIB/B/208713444
005 Дата корректировки 20240226120323.3
010 Индекс ISBN __
a ISBN 5-235-00665-8
d Цена 55-00; 25-00
100 Данные общей обработки __
a Данные общей обработки 20240226d1991 m y0rusy028902 ca
101 Язык документа 0_
a Язык текста rus
102 Страна публикации __
a Страна публикации RU
105 Кодированные данные (монография) __
a Кодированные данные (монография) y z 001zy
181 Поле кодированных данных: вид содержания _0
a Код вида содержания (ISBD) i
182 Поле кодированных данных: тип средства _0
a Код типа средства (ISBD) n
200 Заглавие и сведения об ответственности 0_
a Заглавие Сибирь, Сибирь...
f Первые сведения об ответственности В. Г. Распутин ; фотоил. Б. В. Дмитриева ; худож. А. Ф. Быков
b Общее обозначение материала Текст
210 Выходные данные 1_
a Место издания М.
c Издательство Молодая гвардия
d Дата издания 1991
215 Физическое описание __
a Объем 304 с.
225 Серия 2_
a Серия Отечество: Старое. Новое. Вечное
320 Библиография __
a Библиография Кн. с автогр. авт.
330 Аннотация __
a Аннотация Автор работал над этой книгой несколько лет. С присущим ему талантом он не только открывает перед читателем необыкновенную, прекрасную, заповедную "страну Сибирь", рассказывает об ее истории, о подвигах легендарного Ермака и других первопроходцев, о характере сибиряка, о вкладе первых сибирских городов в развитие торговли и культуры в крае, но, размышляя о прошлом, настоящем и будущем Сибири, он поднимает страстный голос в ее защиту. "С любовью и оберегом" должно относиться к родной земле, другого не дано, - утверждает автор. Книга богато иллюстрирована цветными фотографиями.
606 Тематические рубрики __
a Основная рубрика География
2 Код системы nlr_sh
606 Тематические рубрики __
a Основная рубрика Страноведение
2 Код системы nlr_sh
606 Тематические рубрики __
a Основная рубрика Художественная литература
2 Код системы nlr_sh
606 Тематические рубрики __
a Основная рубрика Русская литература XX в. (произведения)
z Хронологическая подрубрика 20 в.
y Географическая подрубрика Россия; Сибирь
2 Код системы nlr_sh
610 Ключевые слова 0_
a Ключевые слова история края; краеведение; природа; очерки
686 Индексы других классификаций __
a Классификационный индекс 26.89(253)
2 Код системы rubbks
686 Индексы других классификаций __
a Классификационный индекс 84(2Рос=Рус)6-4 ; ст26.89(253) + ст84(2Рос=Рус)6-4
2 Код системы rubbks
700 Автор _1
a Фамилия Распутин
b Имя В. Г.
g Полное личное имя Валентин Григорьевич
4 Код отношения 070
f Даты 1937-2015
702 Вторичная интеллектуальная ответственность _1
a Фамилия Дмитриев
b Имя Б. В.
4 Код отношения 600
702 Вторичная интеллектуальная ответственность _1
a Фамилия Быков
b Имя А. Ф.
4 Код отношения 440
801 Источник записи _0
a Страна RU
b Организация Муниципальное бюджетное учреждение культуры "Централизованная библиотечная система" г. Сургут (Центральная городская библиотека им. А. С. Пушкина)
g Правила каталогизации PSBO
801 Источник записи _1
a Страна RU
b Организация Муниципальное бюджетное учреждение культуры "Централизованная библиотечная система" г. Сургут (Центральная городская библиотека им. А. С. Пушкина)
g Правила каталогизации PSBO
852 Данные о местонахождении __
j Шифр хранения 26.89(253)
c Каталожный индекс 26.89(253); 84(2Рос=Рус)6-4
i Авторский знак Р 24
p Инвентарный номер 45915
901 Тип документа __
t Тип документа m
a Ответственный КиК/Варварина
901 Тип документа __
a Ответственный СКБР2024
903 Характеристики (МАРС) __
a Дата передачи 20010622
c Наименование библиотеки (МАРС) Муниципальное бюджетное учреждение культуры "Централизованная библиотечная система" г. Сургут (Центральная городская библиотека им. А. С. Пушкина)
990 Данные о заказе (DOS) __
j Количество экземпляров (DOS) 5
t N записи в КСУ для И/У (DOS) 200106